Speaking truth to power: selected Pan-African postcards (Record no. 58055)

MARC details
000 -LEADER
fixed length control field 00846nam a2200205 a 4500
008 - FIXED-LENGTH DATA ELEMENTS--GENERAL INFORMATION
fixed length control field 101119s2010 ||||||||||||||||| || u
020 ## - INTERNATIONAL STANDARD BOOK NUMBER
International Standard Book Number 9781906387853
050 ## - LIBRARY OF CONGRESS CALL NUMBER
Classification number CODESRIA(02)
100 ## - MAIN ENTRY--PERSONAL NAME
Personal name Abdul-Raheem, Tajudeen
245 10 - TITLE STATEMENT
Title Speaking truth to power: selected Pan-African postcards
Statement of responsibility, etc. by Tajudeen Abdul-Raheem and compiled by Ama Biney and Adebayo Olukoshi
260 ## - PUBLICATION, DISTRIBUTION, ETC.
Place of publication, distribution, etc. Cape Town, S.A.:
Name of publisher, distributor, etc. Pambazuka Press
Date of publication, distribution, etc. 2010
300 ## - PHYSICAL DESCRIPTION
Extent xxiii, 253p.
350 ## - PRICE (NR) (BK AM CF MU VM SE) [OBSOLETE]
Price 0.00
650 ## - SUBJECT ADDED ENTRY--TOPICAL TERM
Topical term or geographic name entry element PAN-AFRICANISM
650 #0 - SUBJECT ADDED ENTRY--TOPICAL TERM
Topical term or geographic name entry element AFRICA--POLITICS AND GOVERNMENT
700 ## - ADDED ENTRY--PERSONAL NAME
Personal name Biney, Ama
700 ## - ADDED ENTRY--PERSONAL NAME
Personal name Olukoshi, Adebayo
710 ## - ADDED ENTRY--CORPORATE NAME
Corporate name or jurisdiction name as entry element Council for the Development of Social Science Research in Africa (CODESRIA)
995 ## - RECOMMENDATION 995 [LOCAL, UNIMARC FRANCE]
-- CBU-MAIN LIBRARY (Kitwe)
-- 0.00
-- 1
-- AVAILABLE
-- Jan 23, 2014
-- International Publications
Holdings
Withdrawn status Lost status Source of classification or shelving scheme Damaged status Not for loan Home library Current library Shelving location Date acquired Total Checkouts Full call number Barcode Date last seen Price effective from Koha item type
          CBU-MAIN LIBRARY, KITWE. CBU-MAIN LIBRARY, KITWE.   11/30/2022   CODESRIA(02) B1194 11/30/2022 11/30/2022 MONOGRAPH